The case for christmas : (Record no. 9705)

MARC details
000 -LEADER
fixed length control field 00596nam a22002057a 4500
003 - CONTROL NUMBER IDENTIFIER
control field GBCCL
005 - DATE AND TIME OF LATEST TRANSACTION
control field 20241126110717.0
008 - FIXED-LENGTH DATA ELEMENTS--GENERAL INFORMATION
fixed length control field 230612b ||||| |||| 00| 0 eng d
020 ## - INTERNATIONAL STANDARD BOOK NUMBER
International Standard Book Number 0310266297
020 ## - INTERNATIONAL STANDARD BOOK NUMBER
International Standard Book Number 9780310266297
040 ## - CATALOGING SOURCE
Transcribing agency gbc
082 ## - DEWEY DECIMAL CLASSIFICATION NUMBER
Classification number 232.92
Item number STR
100 ## - MAIN ENTRY--PERSONAL NAME
Personal name Strobel, Lee
Dates associated with a name 1952-
9 (RLIN) 350
245 ## - TITLE STATEMENT
Title The case for christmas :
Remainder of title a journalist investigates the identity of the child in the manger
260 ## - PUBLICATION, DISTRIBUTION, ETC.
Place of publication, distribution, etc. Grand Rapids :
Name of publisher, distributor, etc. Zondervan ,
Date of publication, distribution, etc. 2005
300 ## - PHYSICAL DESCRIPTION
Extent 96p.
650 ## - SUBJECT ADDED ENTRY--TOPICAL TERM
Topical term or geographic name entry element Jesus Christ
Form subdivision person and offices
9 (RLIN) 10283
650 ## - SUBJECT ADDED ENTRY--TOPICAL TERM
Topical term or geographic name entry element Apologetics
9 (RLIN) 85
942 ## - ADDED ENTRY ELEMENTS (KOHA)
Source of classification or shelving scheme Dewey Decimal Classification
Koha item type Books
Koha issues (borrowed), all copies 3
Holdings
Withdrawn status Lost status Source of classification or shelving scheme Damaged status Not for loan Home library Current Library Shelving location Date acquired Total checkouts Total renewals Full call number Barcode Date last seen Date last checked out Copy number Price effective from Koha item type
    Dewey Decimal Classification     GRACE BIBLE COLLEGE GRACE BIBLE COLLEGE Theology 2023-06-12 4 2 232.92 STR 016308 2025-12-05 2025-11-28 c.1 2023-06-12 Books
© Grace Bible College Library 2025